000 00373nam a2200157Ia 4500
003 OSt
005 20240116160258.0
008 170523s9999 xx 000 0 und d
020 _a0070473595
040 _cIIMT UNIVERSITY, MEERUT
100 _aCHANDRA- P
245 0 _aPROJECTS PLANNING ANALYSIS
260 _bDELHI TATA MC GRAW HILL
260 _c1998
942 _2ddc
_c02
999 _c116
_d116